| 000 | 004480000a22001570004500 | ||
|---|---|---|---|
| 003 | LK-CoMWRAF | ||
| 008 | 230817t ||||| |||| 00| 0 eng d | ||
| 040 |
_aLK-CoMWRAF _dLK-CoMWRAF _eLK-CoMWRAF |
||
| 041 | _aeng | ||
| 082 |
_a060 _bSRI |
||
| 245 |
_aSri Lanka census of population and housing 1981 _bpopulation data for wards and gramasevaka divisions |
||
| 260 |
_aColombo _bCensus _c1987 |
||
| 300 | _ap.496 | ||
| 650 | _aStatistics | ||
| 942 | _cBK | ||
| 999 |
_c2676 _d2676 |
||